| 000 | 01234cam a22003131i 4500 | ||
|---|---|---|---|
| 001 | 143691 | ||
| 003 | SpMaBN | ||
| 005 | 20251114151449.0 | ||
| 008 | 981210s1977 sp spa | ||
| 016 | 7 |
_abimoBNE20000198356 _zIND9800832747 _2SpMaBN |
|
| 017 |
_aSA 145-1977 _bOficina Depósito Legal Cantabria |
||
| 020 | _a8440041268 | ||
| 035 | _a(OCoLC)432724189 | ||
| 040 |
_aSpMaBN _bspa _cCDM _dES-MaACL |
||
| 080 | _a351.777(100) | ||
| 080 | _a502.34(100) | ||
| 100 | 0 |
_aSetién Roldán, Juan Francisco _0XX1438090 _9105898 |
|
| 245 | 1 | 0 |
_aOrganización de la lucha contra la contaminación del medio ambiente en España y en el extranjero / _c[por] Juan Fco. Setién Roldán, Manuel Garrido Martínez |
| 260 |
_aSantander : _bColegio Oficial y Agrupación Regional de Ingenieros Industriales de Santander, Burgos y Palencia, _c[s.a.] _g1977 |
||
| 300 |
_a298 p., 2 h. ; _c24 cm |
||
| 504 | _aBibliografía: p. 297-298 | ||
| 650 | 4 |
_aPolítica ambiental _2embne _916286 |
|
| 650 | 4 |
_aContaminación _911316 |
|
| 700 | 1 |
_aGarrido Martínez, Manuel, _d1943- _9227268 |
|
| 852 |
_aES-MaACL _b R.97163 _cSPP1 _jA-8198 _9148879 |
||
| 942 |
_2udc _cMONOGRAFIA |
||
| 999 |
_c143691 _d143691 |
||